| 000 | 00457nam a2200145Ia 4500 | ||
|---|---|---|---|
| 008 | 220217s9999||||xx |||||||||||||| ||und|| | ||
| 020 | _a9789385923876 | ||
| 082 | _a693 JAG | ||
| 100 | _aJagadish K.S., Reddy, Venkatarama B.V and Rao, Nanjunda K.S | ||
| 245 | 0 | _aAlternative building materials and technologies | |
| 250 | _a2nd | ||
| 260 |
_aNew age international Ltd. _bNew Delhi _c2017 |
||
| 300 |
_aIX, 218p. _b299 |
||
| 650 | _aBUILDING MATERIAL | ||
| 999 |
_c187227 _d187227 |
||